| 000 | 00962cad a22002415a 4500 | ||
|---|---|---|---|
| 001 | L159379 | ||
| 008 | 170105s2016 xxk f 000 0 eng d | ||
| 020 | _a9781498796157 | ||
| 035 | _a(Sirsi) u159379 | ||
| 041 | 0 | _aeng | |
| 110 | 1 | _aAECOM | |
| 245 | 0 | 0 | _aSpon's External Works and Landscape Price Book 2017 |
| 250 | _a36th ed | ||
| 260 |
_aAbingdon _bCRC Press _c2016 |
||
| 520 | _aIncludes material and measured work prices covering contract items from preliminaries and site clearance and encompassing every external works activity with full breakdowns into labour, materials and other components. Detailed guidance on wage rates, landscape consultants' fee scales. Extensive Approximate Estimates section for rapid spot estimating. | ||
| 650 | 2 | 4 | _aLANDSCAPE |
| 650 | 2 | 4 | _aEXTERNAL WORKS |
| 650 | 2 | 4 | _aCOSTS |
| 651 | 4 |
_aUnited Kingdom _y |
|
| 690 |
_aLand use _96251 |
||
| 710 | 1 |
_aLandPro Ltd Landscape Chartered Surveyors _94654 |
|
| 942 | _n0 | ||
| 999 |
_c115848 _d115848 |
||